000 00474nam a2200193Ia 4500
005 20240823053257.0
008 240823s9999||||xx |||||||||||||| ||und||
020 _a978-93-8546-201-6
041 _aENGLISH
082 _A621.392 Q6
100 _aVenkataraman K
245 0 _a"Design of Jigs,Fixtures and Press Tools"
250 _a2nd
260 _c2006
_bAne Books Pv
500 _aYES
650 _aJigs
_bAeronautical Engineering
942 _cBK
999 _c223804
_d223804